[Event "SVK-chT1E 1718"]
[Site "Slovakia"]
[Date "2018.02.17"]
[Round "8.2"]
[White "Ligart, Tamas"]
[Black "Skara, Vladimir"]
[Result "0-1"]
[WhiteElo "2180"]
[BlackElo "2237"]
[PlyCount "100"]
[EventDate "2017.10.21"]
[EventType "team-tourn"]
[EventRounds "11"]
[EventCountry "SVK"]
[SourceTitle "EXT 2019"]
[Source "ChessBase"]
[SourceDate "2018.10.10"]
[SourceVersion "1"]
[SourceVersionDate "2018.10.10"]
[SourceQuality "1"]
[WhiteTeam "Jelsava Magnezit"]
[BlackTeam "Kezmarok"]
[WhiteTeamCountry "SVK"]
[BlackTeamCountry "SVK"]

1. e4 e6 2. d4 d5 3. Nd2 c5 4. Ngf3 Nf6 5. e5 Nfd7 6. c3 Nc6 7. Bd3 cxd4 8. cxd4 g5 9. 0-0 g4 10. Ne1 h5 11. Nb3 Qb6 12. Be3 a5 13. a4 h4 14. Bb5 g3 15. f4 f5 16. exf6 gxh2+ 17. Kxh2 Nxf6 18. Nd3 Bd7 19. Ne5 Bd6 20. Qd3 Rg8 21. Rac1 Bxe5 22. Bxc6 Bd6 23. Bxd7+ Kxd7 24. Rc2 Rg3 25. Rf3 Rag8 26. Nc5+ Ke7 27. Kh1 h3 28. Rxg3 Rxg3 29. gxh3 Qb4 30. Qd2 Bxc5 31. Rxc5 Ne4 32. Qxb4 axb4 33. Rc7+ Kd6 34. Rxb7 Rxh3+ 35. Kg2 Rxe3 36. Rxb4 Rg3+ 37. Kh2 Rf3 38. a5 Rxf4 39. a6 Rf8 40. Rb6+ Kd7 41. Rb7+ Kc6 42. b4 Nd6 43. Re7 Kb5 44. a7 Kxb4 45. Rxe6 Nc4 46. Kg3 Kc3 47. Ra6 Ra8 48. Kf3 Kxd4 49. Ke2 Kc5 50. Kd3 Ne5+ 0-1

[Event "CZE-chT1W 1718"]
[Site "Czech Republic"]
[Date "2017.11.12"]
[Round "2.4"]
[White "Adamek, Zdenek"]
[Black "Skara, Vladimir"]
[Result "1-0"]
[WhiteElo "2212"]
[BlackElo "2256"]
[PlyCount "73"]
[EventDate "2017.10.29"]
[EventType "team-tourn"]
[EventRounds "11"]
[EventCountry "CZE"]
[SourceTitle "EXT 2019"]
[Source "ChessBase"]
[SourceDate "2018.10.10"]
[SourceVersion "1"]
[SourceVersionDate "2018.10.10"]
[SourceQuality "1"]
[WhiteTeam "Praha DP Tarok"]
[BlackTeam "Unichess"]
[WhiteTeamCountry "CZE"]
[BlackTeamCountry "CZE"]

1. d4 e6 2. c4 c5 3. d5 exd5 4. cxd5 d6 5. Nc3 Nf6 6. e4 g6 7. Nge2 Bg7 8. Ng3 0-0 9. Be2 a6 10. a4 Re8 11. 0-0 Nbd7 12. Bg5 h6 13. Be3 Nf8 14. Qd2 h5 15. f3 Rb8 16. Rfc1 N8h7 17. Nh1 Nd7 18. Nf2 Ne5 19. Kh1 Qe7 20. Re1 Bd7 21. a5 f6 22. Na4 Bb5 23. Nb6 Nf8 24. Rac1 Nfd7 25. b4 Nxb6 26. axb6 c4 27. f4 Ng4 28. Nxg4 hxg4 29. Bxg4 Qxe4 30. Be6+ Rxe6 31. dxe6 Bc6 32. Bc5 Qd3 33. Qxd3 cxd3 34. Bxd6 Rd8 35. e7 Rxd6 36. Rxc6 d2 37. e8Q+ 1-0

[Event "SVK-chT 1617"]
[Site "Slovakia"]
[Date "2016.10.22"]
[Round "1.5"]
[White "Sahidi, Samir"]
[Black "Skara, Vladimir"]
[Result "1/2-1/2"]
[WhiteElo "2215"]
[BlackElo "2247"]
[PlyCount "74"]
[EventDate "2016.10.22"]
[EventType "team-tourn"]
[EventRounds "11"]
[EventCountry "SVK"]
[SourceTitle "CBM 175 Extra"]
[Source "ChessBase"]
[SourceDate "2016.12.12"]
[SourceVersion "1"]
[SourceVersionDate "2016.12.12"]
[SourceQuality "1"]
[WhiteTeam "Osuske"]
[BlackTeam "Modra"]
[WhiteTeamCountry "SVK"]
[BlackTeamCountry "SVK"]

1. Nf3 Nf6 2. c4 c5 3. g3 b6 4. Bg2 Bb7 5. Nc3 e6 6. 0-0 Be7 7. d4 cxd4 8. Nxd4 Bxg2 9. Kxg2 0-0 10. Bg5 a6 11. Qd3 Qc7 12. Rac1 d6 13. Bxf6 Bxf6 14. Ne4 Be7 15. Rfd1 Rd8 16. Kg1 Nd7 17. Nf3 Nf6 18. Nxf6+ Bxf6 19. b3 Rac8 20. Rc2 g6 21. Rcd2 Qc5 22. a4 Qb4 23. Qe3 b5 24. axb5 axb5 25. cxb5 d5 26. Nd4 Rc3 27. Rd3 Bxd4 28. Rxd4 Qxb3 29. Qg5 Re8 30. h4 Qxb5 31. e4 Rc5 32. exd5 Rxd5 33. Rxd5 exd5 34. h5 Qe2 35. Qxd5 Qxh5 36. Qxh5 gxh5 37. Rd5 Kg7 1/2-1/2

[Event "CZE-chT rap"]
[Site "Pardubice"]
[Date "2016.07.15"]
[Round "2.4"]
[White "Skara, Vladimir"]
[Black "Gaj, Milos"]
[Result "1-0"]
[WhiteElo "2233"]
[BlackElo "1986"]
[PlyCount "47"]
[EventDate "2016.07.14"]
[EventType "team-swiss"]
[EventRounds "7"]
[EventCountry "CZE"]
[SourceTitle "EXT 2017"]
[Source "ChessBase"]
[SourceDate "2016.10.25"]
[SourceVersion "1"]
[SourceVersionDate "2016.10.25"]
[SourceQuality "1"]
[WhiteTeam "Unichess"]
[BlackTeam "Unichess III"]
[WhiteTeamCountry "CZE"]
[BlackTeamCountry "CZE"]

1. e4 c5 2. Nf3 d6 3. d4 cxd4 4. Nxd4 Nf6 5. Nc3 a6 6. Bg5 e6 7. f4 Nbd7 8. Qf3 Qc7 9. g4 b5 10. Bd3 Bb7 11. Bxf6 Nxf6 12. g5 Nd7 13. 0-0-0 b4 14. Nce2 g6 15. h4 h5 16. gxh6 Bxh6 17. Kb1 e5 18. fxe5 Nxe5 19. Qf6 0-0 20. Nf5 gxf5 21. Qxh6 fxe4 22. Rhg1+ Ng6 23. Nf4 exd3 24. cxd3 1-0

[Event "SVK-chT 1516"]
[Site "Slovakia"]
[Date "2015.10.11"]
[Round "2.4"]
[White "Nayhebaver, Martin"]
[Black "Skara, Vladimir"]
[Result "1-0"]
[WhiteElo "2409"]
[BlackElo "2230"]
[PlyCount "105"]
[EventDate "2015.10.10"]
[EventType "team-tourn"]
[EventRounds "11"]
[EventCountry "SVK"]
[SourceTitle "CBM 168 Extra"]
[Source "ChessBase"]
[SourceDate "2015.10.29"]
[SourceVersion "1"]
[SourceVersionDate "2015.10.29"]
[SourceQuality "1"]
[WhiteTeam "Stara Lubovna Angelus"]
[BlackTeam "Modra"]
[WhiteTeamCountry "SVK"]
[BlackTeamCountry "SVK"]

1. e4 e6 2. d4 d5 3. Nd2 c5 4. exd5 Qxd5 5. Ngf3 cxd4 6. Bc4 Qd7 7. 0-0 Nc6 8. Nb3 a6 9. Nbxd4 Nxd4 10. Nxd4 Bd6 11. Qg4 Ne7 12. Nf3 b5 13. Bb3 Bb7 14. Re1 h5 15. Qh3 0-0-0 16. Bg5 Kb8 17. Rad1 Qc7 18. Nd4 e5 19. Nf5 f6 20. Nxd6 Rxd6 21. Rxd6 Qxd6 22. Bc1 Qc6 23. f3 Bc8 24. Qg3 Rh7 25. c3 h4 26. Qf2 g5 27. Be3 Nd5 28. Bc2 Rg7 29. Rd1 f5 30. Bb3 Be6 31. Qd2 Rd7 32. Bxg5 Qc5+ 33. Qf2 Qxf2+ 34. Kxf2 h3 35. g3 e4 36. Rd4 exf3 37. Kxf3 Kb7 38. Rh4 Nc7 39. Rxh3 Bxb3 40. axb3 Rd1 41. Rh7 Kc6 42. Re7 Rf1+ 43. Kg2 Rb1 44. Re2 Kd7 45. h4 Ne6 46. Bf6 f4 47. g4 Nc5 48. Bd4 Nxb3 49. g5 Nc1 50. Rd2 Ke6 51. g6 Nb3 52. Re2+ Kf5 53. g7 1-0

[Event "Pobeskydy op"]
[Site "Frydek Mistek"]
[Date "2014.04.18"]
[Round "3"]
[White "Skara, Vladimir"]
[Black "Kuciel, Wladyslaw"]
[Result "1/2-1/2"]
[WhiteElo "2178"]
[BlackElo "2011"]
[PlyCount "116"]
[EventDate "2014.04.17"]
[EventType "swiss"]
[EventRounds "9"]
[EventCountry "CZE"]
[SourceTitle "CBM 159 Extra"]
[Source "ChessBase"]
[SourceDate "2014.04.24"]
[SourceVersion "1"]
[SourceVersionDate "2014.04.24"]
[SourceQuality "1"]

1. e4 c5 2. Nf3 e6 3. d4 cxd4 4. Nxd4 Nc6 5. Nb5 d6 6. c4 a6 7. N5c3 Nf6 8. Be2 Be7 9. 0-0 0-0 10. Be3 b6 11. f4 Qc7 12. Nd2 Nd7 13. Bf3 Bb7 14. Rc1 Nc5 15. a3 Bf6 16. Ndb1 Na5 17. Qe2 Ncb3 18. Rcd1 Nxc4 19. Bf2 Rac8 20. e5 Bxf3 21. Qxf3 dxe5 22. Ne4 Nd4 23. Nxf6+ gxf6 24. Rxd4 exd4 25. Bxd4 Qd8 26. Bc3 Rc5 27. Rd1 Rd5 28. Rxd5 exd5 29. Bd4 Re8 30. Qg4+ Kh8 31. Nc3 Ne3 32. Qg5 Re6 33. f5 Nc2 34. fxe6 Nxd4 35. Qxd5 Qxd5 36. Nxd5 fxe6 37. Nxb6 Kg7 38. Kf2 Kf7 39. Ke3 e5 40. Nd5 f5 41. Kd3 Nb5 42. a4 e4+ 43. Ke3 Nd6 44. Kf4 a5 45. b3 Ke6 46. Ne3 h5 47. h4 Kf6 48. g3 Ke6 49. Kg5 Ke5 50. Kxh5 f4 51. gxf4+ Kxf4 52. Nc2 e3 53. Kg6 e2 54. h5 Nf5 55. Kf6 Nd4 56. Ne1 Nf3 57. Nc2 Nd4 58. Ne1 Nf3 1/2-1/2

[Event "Pobeskydy op"]
[Site "Frydek Mistek"]
[Date "2014.04.17"]
[Round "1"]
[White "Skara, Vladimir"]
[Black "Bacak, Petr Jr"]
[Result "1/2-1/2"]
[WhiteElo "2178"]
[BlackElo "2072"]
[PlyCount "53"]
[EventDate "2014.04.17"]
[EventType "swiss"]
[EventRounds "9"]
[EventCountry "CZE"]
[SourceTitle "CBM 159 Extra"]
[Source "ChessBase"]
[SourceDate "2014.04.24"]
[SourceVersion "1"]
[SourceVersionDate "2014.04.24"]
[SourceQuality "1"]

1. e4 c5 2. Nf3 d6 3. d4 cxd4 4. Nxd4 Nf6 5. Nc3 a6 6. Bg5 Nbd7 7. Qd2 Qc7 8. 0-0-0 e6 9. Rg1 Be7 10. g4 b5 11. Bxf6 gxf6 12. a3 Bb7 13. Qh6 0-0-0 14. Qh5 Rhf8 15. Rg3 Kb8 16. f4 Nc5 17. Bg2 Rc8 18. Qxh7 Rh8 19. Qxf7 Rcf8 20. Nxe6 Rxf7 21. Nxc7 Kxc7 22. h3 Bf8 23. Rf1 Bh6 24. b4 Ne6 25. Ne2 Bg7 26. Rh1 Rh4 27. Kd2 1/2-1/2

[Event "CZE-chT2A 1314"]
[Site "Czech Republic"]
[Date "2014.02.02"]
[Round "7.6"]
[White "Lacina, Filip"]
[Black "Skara, Vladimir"]
[Result "1-0"]
[WhiteElo "2085"]
[BlackElo "2170"]
[PlyCount "123"]
[EventDate "2013.11.03"]
[EventType "team-tourn"]
[EventRounds "11"]
[EventCountry "CZE"]
[SourceTitle "EXT 2015"]
[Source "ChessBase"]
[SourceDate "2014.11.20"]
[SourceVersion "1"]
[SourceVersionDate "2014.11.20"]
[SourceQuality "1"]
[WhiteTeam "Vysehrad II"]
[BlackTeam "Postovni sporitelna II"]
[WhiteTeamCountry "CZE"]
[BlackTeamCountry "CZE"]

1. e4 e6 2. d4 d5 3. Nd2 c5 4. exd5 Qxd5 5. Ngf3 cxd4 6. Bc4 Qd7 7. 0-0 Nf6 8. Re1 Bd6 9. Nb3 0-0 10. Nbxd4 Qc7 11. Bd3 a6 12. Bg5 Nbd7 13. c3 b6 14. Qe2 Bb7 15. Rad1 Rfe8 16. Bb1 g6 17. Qd2 Bf8 18. Bxf6 Nxf6 19. Ne5 Rad8 20. Qg5 Bg7 21. f4 Rd5 22. Qh4 Red8 23. Rd3 Nh5 24. Rh3 Bf6 25. Qg4 Nxf4 26. Qxf4 Bxe5 27. Qh6 Bxd4+ 28. cxd4 f6 29. Bxg6 Rg5 30. Qxh7+ Qxh7 31. Bxh7+ Kg7 32. Be4 Bxe4 33. Rxe4 e5 34. Rd3 Kf7 35. Kf2 Ke6 36. Ree3 Rf5+ 37. Ke2 Rg8 38. g3 Rc8 39. dxe5 Rc2+ 40. Rd2 Rxd2+ 41. Kxd2 fxe5 42. Ke2 Kd5 43. Rf3 Rh5 44. h4 Rh6 45. Ke3 a5 46. Rf5 Rc6 47. h5 Rc4 48. h6 Rc7 49. Rh5 Rh7 50. g4 Ke6 51. Ke4 Kf6 52. Rf5+ Kg6 53. Kxe5 Re7+ 54. Kd6 Re4 55. Rh5 Kh7 56. g5 Rg4 57. Kc6 Rg2 58. b3 a4 59. bxa4 Rxa2 60. g6+ Kh8 61. Rd5 Rc2+ 62. Kb7 1-0

[Event "CZE-chT2A 1314"]
[Site "Czech Republic"]
[Date "2014.01.05"]
[Round "5.6"]
[White "Jakl, Ales"]
[Black "Skara, Vladimir"]
[Result "1-0"]
[WhiteElo "2043"]
[BlackElo "2170"]
[PlyCount "79"]
[EventDate "2013.11.03"]
[EventType "team-tourn"]
[EventRounds "11"]
[EventCountry "CZE"]
[SourceTitle "EXT 2015"]
[Source "ChessBase"]
[SourceDate "2014.11.20"]
[SourceVersion "1"]
[SourceVersionDate "2014.11.20"]
[SourceQuality "1"]
[WhiteTeam "Tachov"]
[BlackTeam "Postovni sporitelna II"]
[WhiteTeamCountry "CZE"]
[BlackTeamCountry "CZE"]

1. Nf3 c5 2. g3 b6 3. Bg2 Bb7 4. 0-0 Nf6 5. c4 e6 6. d3 Be7 7. b3 0-0 8. Bb2 d5 9. Ne5 Qc8 10. Nd2 Nbd7 11. Ndf3 Nxe5 12. Nxe5 Nd7 13. Nxd7 Qxd7 14. e4 Rad8 15. Qg4 g6 16. Rad1 f5 17. exf5 exf5 18. Qe2 f4 19. cxd5 Bf6 20. d4 Rde8 21. Qc4 b5 22. Qd3 Bg7 23. dxc5 f3 24. Bxf3 Bxb2 25. c6 Qf7 26. Bg2 Bc8 27. d6 Bf5 28. Bd5 Bxd3 29. Bxf7+ Kxf7 30. Rxd3 Rd8 31. f4 Ba3 32. d7 Bc5+ 33. Kg2 Bb6 34. Re1 Bc7 35. Rde3 Kg7 36. Re8 Rb8 37. R1e7+ Kg8 38. Kf3 Rb6 39. Re6 Ra6 40. Rf6 1-0

[Event "CZE-chT2A 1314"]
[Site "Czech Republic"]
[Date "2013.12.15"]
[Round "4.5"]
[White "Vachal, Josef"]
[Black "Skara, Vladimir"]
[Result "1/2-1/2"]
[WhiteElo "2170"]
[BlackElo "2170"]
[PlyCount "62"]
[EventDate "2013.11.03"]
[EventType "team-tourn"]
[EventRounds "11"]
[EventCountry "CZE"]
[SourceTitle "EXT 2015"]
[Source "ChessBase"]
[SourceDate "2014.11.20"]
[SourceVersion "1"]
[SourceVersionDate "2014.11.20"]
[SourceQuality "1"]
[WhiteTeam "Kozolupy"]
[BlackTeam "Postovni sporitelna II"]
[WhiteTeamCountry "CZE"]
[BlackTeamCountry "CZE"]

1. e4 e6 2. d4 d5 3. exd5 exd5 4. c4 Nf6 5. Nc3 c6 6. Nf3 Bd6 7. Bd3 0-0 8. 0-0 Bg4 9. Bg5 dxc4 10. Bxc4 Nbd7 11. Qd3 Qc7 12. h3 Bh5 13. Nh4 Nd5 14. Bxd5 cxd5 15. Nxd5 Qa5 16. Qf5 Kh8 17. Nf4 Qxf5 18. Nxf5 Bxf4 19. Bxf4 Nf6 20. Be5 Rad8 21. g4 Bg6 22. Nxg7 Nd7 23. Nf5+ Nxe5 24. dxe5 Bxf5 25. gxf5 Rg8+ 26. Kh2 Rg5 27. e6 Rxf5 28. e7 Re8 29. Rae1 Kg7 30. Re2 Kf6 31. Rd1 Rxe7 1/2-1/2

[Event "CZE-chT2A 1314"]
[Site "Czech Republic"]
[Date "2013.11.03"]
[Round "1.4"]
[White "Skara, Vladimir"]
[Black "Palek, Miroslav"]
[Result "0-1"]
[WhiteElo "2170"]
[BlackElo "2233"]
[PlyCount "63"]
[EventDate "2013.11.03"]
[EventType "team-tourn"]
[EventRounds "11"]
[EventCountry "CZE"]
[SourceTitle "EXT 2015"]
[Source "ChessBase"]
[SourceDate "2014.11.20"]
[SourceVersion "1"]
[SourceVersionDate "2014.11.20"]
[SourceQuality "1"]
[WhiteTeam "Postovni sporitelna II"]
[BlackTeam "Plzen Letna"]
[WhiteTeamCountry "CZE"]
[BlackTeamCountry "CZE"]

1. Nf3 Nf6 2. d4 e6 3. g3 b6 4. Bg2 Bb7 5. 0-0 Be7 6. c4 d6 7. Nc3 Nbd7 8. Re1 c5 9. e4 cxd4 10. Nxd4 Qc8 11. Ndb5 Qb8 12. Nd5 exd5 13. exd5 Ne5 14. f4 Ng6 15. g4 0-0 16. g5 a6 17. Nd4 Qc7 18. Nf5 Rfe8 19. Rxe7 Nxe7 20. Nxg7 Qc5+ 21. Kh1 Ng4 22. Qxg4 Kxg7 23. Bd2 Qxc4 24. Bc3+ Kg8 25. g6 Nxg6 26. Qh5 Qxf4 27. Rf1 Re5 28. Qh3 Qg5 29. Qd7 Qe7 30. Qh3 Bxd5 31. Bxd5 Rxd5 32. Qf3 0-1

[Event "SVK-ch op"]
[Site "Banska Stiavnica"]
[Date "2013.07.09"]
[Round "4"]
[White "Skara, Vladimir"]
[Black "Kravec, Patrik"]
[Result "0-1"]
[WhiteElo "2205"]
[BlackElo "1916"]
[PlyCount "78"]
[EventDate "2013.07.06"]
[EventType "swiss"]
[EventRounds "9"]
[EventCountry "SVK"]
[SourceTitle "CBM 155 Extra"]
[Source "ChessBase"]
[SourceDate "2013.08.26"]
[SourceVersion "1"]
[SourceVersionDate "2013.08.26"]
[SourceQuality "1"]

1. d4 d5 2. Nf3 Nf6 3. g3 e6 4. Bg2 Be7 5. 0-0 0-0 6. b3 Nbd7 7. c4 b6 8. cxd5 exd5 9. Ba3 Bb7 10. Bxe7 Qxe7 11. Nc3 Ne4 12. Rc1 Ndf6 13. Nd2 Nxc3 14. Rxc3 Rfe8 15. Re1 c5 16. Qc2 Rac8 17. Bh3 Rc7 18. e3 Bc8 19. Bf1 g6 20. Bd3 Bb7 21. Rc1 Rec8 22. Bf1 Rc6 23. Bb5 R6c7 24. Bd3 Ne8 25. Qb1 cxd4 26. Rxc7 Rxc7 27. exd4 Rxc1+ 28. Qxc1 Ng7 29. Nf3 Ne6 30. h4 Qf6 31. Qe3 Ng7 32. Ne5 Bc8 33. Qc1 Bf5 34. Qc7 Ne6 35. Qb8+ Kg7 36. Bxf5 Qxf5 37. Nc6 Qb1+ 38. Kg2 Qe4+ 39. f3 Qc2+ 0-1

[Event "SVK-ch op"]
[Site "Banska Stiavnica"]
[Date "2013.07.07"]
[Round "2"]
[White "Skara, Vladimir"]
[Black "Danada, Tomas"]
[Result "1/2-1/2"]
[WhiteElo "2205"]
[BlackElo "2085"]
[PlyCount "74"]
[EventDate "2013.07.06"]
[EventType "swiss"]
[EventRounds "9"]
[EventCountry "SVK"]
[SourceTitle "CBM 155 Extra"]
[Source "ChessBase"]
[SourceDate "2013.08.26"]
[SourceVersion "1"]
[SourceVersionDate "2013.08.26"]
[SourceQuality "1"]

1. d4 Nf6 2. Nf3 g6 3. g3 b5 4. Bg2 Bb7 5. 0-0 Bg7 6. a4 b4 7. c3 bxc3 8. bxc3 Na6 9. Ba3 d6 10. Qb3 Rb8 11. Ng5 Bd5 12. Bxd5 Rxb3 13. Bxf7+ Kd7 14. Be6+ Kc6 15. Bxb3 Qa8 16. Bc4 Nb8 17. Ra2 a6 18. Nf7 Rf8 19. Be6 Nbd7 20. Nd2 Kb7 21. e4 Ka7 22. Re1 h5 23. h4 Qe8 24. Ng5 Bh6 25. Rb2 Bxg5 26. hxg5 Nh7 27. Bd5 Nb6 28. a5 Nxd5 29. exd5 Nxg5 30. f4 Nh3+ 31. Kg2 Qd7 32. Re6 Rf6 33. Kxh3 Rxe6 34. dxe6 Qxe6+ 35. Kg2 Qe2+ 36. Kh3 Qg4+ 37. Kg2 Qe2+ 1/2-1/2

[Event "SVK-ch op"]
[Site "Banska Stiavnica"]
[Date "2013.07.06"]
[Round "1"]
[White "Markos, Jan"]
[Black "Skara, Vladimir"]
[Result "1-0"]
[WhiteElo "2580"]
[BlackElo "2205"]
[PlyCount "55"]
[EventDate "2013.07.06"]
[EventType "swiss"]
[EventRounds "9"]
[EventCountry "SVK"]
[SourceTitle "CBM 155 Extra"]
[Source "ChessBase"]
[SourceDate "2013.08.26"]
[SourceVersion "1"]
[SourceVersionDate "2013.08.26"]
[SourceQuality "1"]

1. d4 e6 2. c4 Nf6 3. Nf3 c5 4. d5 exd5 5. cxd5 d6 6. Nc3 g6 7. g3 Bg7 8. Bg2 0-0 9. 0-0 Re8 10. Nd2 b6 11. a4 Na6 12. Nc4 Nc7 13. Bf4 Bf8 14. Qd2 Ba6 15. b3 Rb8 16. Rfe1 Nh5 17. Bg5 Qd7 18. Bf3 Ng7 19. Ne4 Rxe4 20. Bxe4 Re8 21. Bg2 Nf5 22. Bh3 Re4 23. Bf6 Bxc4 24. bxc4 Rxc4 25. Qd3 Rxa4 26. e4 c4 27. Qd1 Rxa1 28. Bxa1 1-0

[Event "SVK-chT2A 1213"]
[Site "Slovakia"]
[Date "2013.03.17"]
[Round "11.1"]
[White "Hajek, Lukas1111"]
[Black "Skara, Vladimir"]
[Result "1/2-1/2"]
[WhiteElo "2155"]
[BlackElo "2222"]
[PlyCount "90"]
[EventDate "2012.10.13"]
[EventType "team-tourn"]
[EventRounds "11"]
[EventCountry "SVK"]
[SourceTitle "EXT 2015"]
[Source "ChessBase"]
[SourceDate "2014.11.20"]
[SourceVersion "1"]
[SourceVersionDate "2014.11.20"]
[SourceQuality "1"]
[WhiteTeam "Bratislava Doprastav III"]
[BlackTeam "Modra II"]
[WhiteTeamCountry "SVK"]
[BlackTeamCountry "SVK"]

1. d4 Nf6 2. c4 c5 3. d5 e6 4. Nc3 exd5 5. cxd5 d6 6. e4 g6 7. f4 Bg7 8. Bb5+ Nfd7 9. a4 0-0 10. Nf3 Na6 11. 0-0 Nb4 12. Re1 a6 13. Bf1 Re8 14. Be3 Nf6 15. Bf2 Bg4 16. Rc1 Rb8 17. h3 Bxf3 18. Qxf3 Qc7 19. Bc4 Nd7 20. Kh1 Nb6 21. Bf1 Qd7 22. a5 Na4 23. Nxa4 Qxa4 24. Ra1 Qd7 25. Qb3 Qc7 26. Qc4 b5 27. axb6 Rxb6 28. e5 dxe5 29. Bxc5 Rb5 30. Bxb4 Qxc4 31. Bxc4 Rxb4 32. b3 Rb6 33. Rxa6 Rxa6 34. Bxa6 Rd8 35. fxe5 Rxd5 36. e6 fxe6 37. Rxe6 Be5 38. Re8+ Kf7 39. Bc4 Kxe8 40. Bxd5 g5 41. Kg1 h5 42. h4 gxh4 43. Kf2 Kd7 44. Ke3 Kc7 45. Kd3 Kb6 1/2-1/2

[Event "SVK-chT2A 1213"]
[Site "Slovakia"]
[Date "2013.03.16"]
[Round "10.1"]
[White "Skara, Vladimir"]
[Black "Zatko, Gregor"]
[Result "1/2-1/2"]
[WhiteElo "2222"]
[BlackElo "2148"]
[PlyCount "72"]
[EventDate "2012.10.13"]
[EventType "team-tourn"]
[EventRounds "11"]
[EventCountry "SVK"]
[SourceTitle "EXT 2015"]
[Source "ChessBase"]
[SourceDate "2014.11.20"]
[SourceVersion "1"]
[SourceVersionDate "2014.11.20"]
[SourceQuality "1"]
[WhiteTeam "Modra II"]
[BlackTeam "Devinska Nova Ves II"]
[WhiteTeamCountry "SVK"]
[BlackTeamCountry "SVK"]

1. e4 g6 2. d4 Bg7 3. Nc3 d6 4. h3 a6 5. Be3 Nd7 6. f4 b5 7. a4 b4 8. Na2 c5 9. c3 bxc3 10. bxc3 Qa5 11. Bd3 cxd4 12. Bf2 dxc3 13. Rc1 Rb8 14. Ne2 Ngf6 15. 0-0 0-0 16. Naxc3 Bb7 17. Kh2 Nc5 18. Bxc5 Qxc5 19. Nd5 Nxd5 20. Rxc5 Ne3 21. Qc1 Nxf1+ 22. Qxf1 dxc5 23. Ng3 Bh6 24. h4 Bc6 25. Bxa6 Bxa4 26. h5 Bb3 27. f5 Rb4 28. Qf3 Bg7 29. Qg4 Rb6 30. Qe2 Be5 31. Bc4 Rb4 32. Bd3 c4 33. Bb1 Ba4 34. Ba2 Bb3 35. hxg6 Bxa2 36. Qh5 Bxg3+ 1/2-1/2

[Event "SVK-chT 1213"]
[Site "Slovakia"]
[Date "2013.03.03"]
[Round "11.6"]
[White "Kusiak, Matej"]
[Black "Skara, Vladimir"]
[Result "1/2-1/2"]
[WhiteElo "2179"]
[BlackElo "2222"]
[PlyCount "83"]
[EventDate "2012.10.27"]
[EventType "team-tourn"]
[EventRounds "11"]
[EventCountry "SVK"]
[SourceTitle "EXT 2014"]
[Source "ChessBase"]
[SourceDate "2013.11.20"]
[SourceVersion "1"]
[SourceVersionDate "2013.11.20"]
[SourceQuality "1"]
[WhiteTeam "Kosice Slavia"]
[BlackTeam "Modra"]
[WhiteTeamCountry "SVK"]
[BlackTeamCountry "SVK"]

1. e4 e6 2. d4 d5 3. Nd2 Nf6 4. e5 Nfd7 5. Bd3 c5 6. c3 Nc6 7. Ne2 cxd4 8. cxd4 f6 9. exf6 Nxf6 10. Nf3 Bd6 11. 0-0 0-0 12. g3 Bd7 13. Bf4 Be8 14. Ng5 Qd7 15. Bxd6 Qxd6 16. Nf4 Bf7 17. Re1 Rae8 18. Qb1 g6 19. Nf3 e5 20. dxe5 Nxe5 21. Nxe5 Rxe5 22. Rxe5 Qxe5 23. Qc2 Re8 24. h4 Kg7 25. Rc1 Re7 26. a3 b6 27. Ng2 Qd6 28. Qc6 Qb8 29. Qc3 Qd6 30. Qd4 Rc7 31. Rxc7 Qxc7 32. Nf4 Qc5 33. Qe5 d4 34. Ne6+ Bxe6 35. Qxe6 Qd5 36. Qe7+ Qf7 37. Qe5 Qd5 38. Qc7+ Qd7 39. Qe5 Qd5 40. Qe7+ Qf7 41. Qe5 Qd5 42. Qe7+ 1/2-1/2

[Event "SVK-chT 1213"]
[Site "Slovakia"]
[Date "2013.03.02"]
[Round "10.6"]
[White "Skara, Vladimir"]
[Black "Csolto, Tibor Jr"]
[Result "1/2-1/2"]
[WhiteElo "2222"]
[BlackElo "2205"]
[PlyCount "106"]
[EventDate "2012.10.27"]
[EventType "team-tourn"]
[EventRounds "11"]
[EventCountry "SVK"]
[SourceTitle "EXT 2014"]
[Source "ChessBase"]
[SourceDate "2013.11.20"]
[SourceVersion "1"]
[SourceVersionDate "2013.11.20"]
[SourceQuality "1"]
[WhiteTeam "Modra"]
[BlackTeam "Kosice"]
[WhiteTeamCountry "SVK"]
[BlackTeamCountry "SVK"]

1. e4 c5 2. Nf3 d6 3. d4 cxd4 4. Nxd4 Nf6 5. Nc3 a6 6. Bg5 e6 7. f4 Qb6 8. Qd2 Nc6 9. 0-0-0 h6 10. Bh4 Qxd4 11. Qxd4 Nxd4 12. Rxd4 Bd7 13. Be2 Bc6 14. Bf3 Nd7 15. Rd2 Rc8 16. Bg3 Be7 17. h4 Nb6 18. Re2 Na4 19. Nxa4 Bxa4 20. Kb1 0-0 21. Rd1 Bc6 22. Be1 b6 23. h5 a5 24. Red2 Rb8 25. f5 exf5 26. exf5 Bxf3 27. gxf3 Rfc8 28. Bg3 Rc5 29. f6 gxf6 30. Bxd6 Bxd6 31. Rxd6 Rxh5 32. Rxf6 Kg7 33. Rc6 b5 34. f4 Rf5 35. Rg1+ Kh7 36. Rh1 h5 37. Ra6 b4 38. a3 bxa3 39. b3 Rbb5 40. Ka2 Rxf4 41. Kxa3 h4 42. c4 Rh5 43. Rh3 Rg4 44. Rf6 Kg7 45. Rhf3 h3 46. Rxf7+ Kh6 47. R3f6+ Rg6 48. Rxg6+ Kxg6 49. Rf1 h2 50. Rh1 Kf5 51. Ka4 Ke4 52. c5 Kd5 53. Kb5 Rh3 1/2-1/2

[Event "SVK-chT 1213"]
[Site "Slovakia"]
[Date "2013.02.09"]
[Round "7.2"]
[White "Macko, Michal"]
[Black "Skara, Vladimir"]
[Result "1-0"]
[WhiteElo "2123"]
[BlackElo "2222"]
[PlyCount "61"]
[EventDate "2012.10.27"]
[EventType "team-tourn"]
[EventRounds "11"]
[EventCountry "SVK"]
[SourceTitle "EXT 2014"]
[Source "ChessBase"]
[SourceDate "2013.11.20"]
[SourceVersion "1"]
[SourceVersionDate "2013.11.20"]
[SourceQuality "1"]
[WhiteTeam "Liptov Magic"]
[BlackTeam "Modra"]
[WhiteTeamCountry "SVK"]
[BlackTeamCountry "SVK"]

1. e4 e6 2. d4 d5 3. e5 c5 4. c3 Qb6 5. a3 cxd4 6. cxd4 Nc6 7. Nf3 Nh6 8. b4 Nf5 9. Be3 Bd7 10. Nc3 a6 11. Na4 Qd8 12. Bd3 Be7 13. 0-0 f6 14. Bxf5 exf5 15. Bf4 0-0 16. Re1 g5 17. exf6 Bxf6 18. Bd6 Nxd4 19. Nc5 Ba4 20. Nxa4 Nxf3+ 21. Qxf3 Qxd6 22. Rad1 a5 23. Rxd5 Qc6 24. b5 Rae8 25. Red1 Qc2 26. Nc5 Bg7 27. h3 Rf7 28. Qh5 h6 29. Qg6 Ref8 30. Ne6 Rc8 31. Rd8+ 1-0

[Event "SVK-chT 1213"]
[Site "Slovakia"]
[Date "2012.11.25"]
[Round "4.1"]
[White "Skara, Vladimir"]
[Black "Farkas, Gabor"]
[Result "0-1"]
[WhiteElo "2222"]
[BlackElo "2293"]
[PlyCount "45"]
[EventDate "2012.10.27"]
[EventType "team-tourn"]
[EventRounds "11"]
[EventCountry "SVK"]
[SourceTitle "EXT 2014"]
[Source "ChessBase"]
[SourceDate "2013.11.20"]
[SourceVersion "1"]
[SourceVersionDate "2013.11.20"]
[SourceQuality "1"]
[WhiteTeam "Modra"]
[BlackTeam "Cadca"]
[WhiteTeamCountry "SVK"]
[BlackTeamCountry "SVK"]

1. e4 e5 2. Nf3 Nc6 3. Bb5 a6 4. Ba4 Nf6 5. 0-0 Nxe4 6. d4 b5 7. Bb3 d5 8. dxe5 Be6 9. Be3 Bc5 10. Bxc5 Nxc5 11. c3 0-0 12. Bc2 Bg4 13. Re1 Re8 14. h3 Bxf3 15. Qxf3 Nxe5 16. Qd1 Qg5 17. Re3 Nc4 18. Rg3 Qe5 19. Nd2 Nxd2 20. Qxd2 Ne4 21. Bxe4 dxe4 22. Re1 Rad8 23. Rge3 0-1